Culture générale - anatomie humaine #1 - Statistiques

Statistiques générales
  • Ce quiz a été pris 1 368 fois
  • Le résultat moyen est 12 sur 20
Statistiques - réponses
Question Réponse % Correct
Combien de muscles composent le triceps? 3
94%
Et le plus grand? Femur
93%
Combien un être normalement constitué possède de dents? 32
83%
Comment s'appelle le doigt situé entre le majeur et l'auriculaire? Annulaire
78%
Quel organe sécrète de la bile? Le foie
77%
Quel protéine compose à 95% les cheveux et est aussi présente dans les ongles? Kératine
76%
Combien d'os composent notre corps? 206
70%
Les cavités du coeur sont les oreillettes et les? Ventricules
69%
Quel os plat et allongé relie nos côtes? Le sternum
67%
Quel est le plus petit os? Etrier
58%
Quel organe est le plus grand en terme de poids? La peau
58%
Quelle est la couche la plus extérieure, protectrice de l'oeil? La cornée
56%
Quel est l'autre nom de la cellule nerveuse? Neurone
55%
Catégorie des 5 vertèbres situées au dessus du sacrum? Lombaires
51%
Quel pigment génère la coloration des téguments? Mélanine
51%
Quelle structure de l'encéphale est impliqué dans la coordination, l'attention ou aussi le langage? Le cervelet
45%
Comment s'appelle le segment initial de l'intestin grêle, faisant suite à l'estomac? Le duodénum
43%
Quel est le nom du muscle le plus important du dos, pouvant donner l'aspect dit en "V" Le grand dorsal
39%
Quel petite appendice visible est située au fond de la cavité buccale? La luette
32%
Nom des membranes entourant le système nerveux central? Méninges
27%
Aucun quiz correspondant
Distribution des résultats
% des personnes avec chaque résultat
Percentile par nombre de réponses
Votre historique - résultats
Vous n’avez pas pris ce quiz